000 00281nam a2200097Ia 4500
008 160523s9999 xx 000 0 und d
245 _aGame Theory Relaunched
245 _cEdited by Hardy Hanappi
260 _c2013
856 _uhttp://www.intechopen.com/books/game-theory-relaunched
999 _c294852
_d294852